Don't just stand there. (Record no. 12744)

000 -LEADER
fixed length control field 00531nam a2200181 a 4500
001 - CONTROL NUMBER
control field :::00010558$&:&@@
003 - CONTROL NUMBER IDENTIFIER
control field OkBaRHE
005 - DATE AND TIME OF LATEST TRANSACTION
control field 20000607103400.0
008 - FIXED-LENGTH DATA ELEMENTS--GENERAL INFORMATION
fixed length control field s1975 j 000 0 eng u
040 ## - CATALOGING SOURCE
Transcribing agency
100 1# - MAIN ENTRY--PERSONAL NAME
Personal name Peterson, J. Allen.
245 10 - TITLE STATEMENT
Title Don't just stand there.
260 ## - PUBLICATION, DISTRIBUTION, ETC. (IMPRINT)
Place of publication, distribution, etc Lincoln, NE., :
Name of publisher, distributor, etc Back to the Bible
Date of publication, distribution, etc c1975
300 ## - PHYSICAL DESCRIPTION
Extent 36 p. ;
Dimensions : 15 cm.
650 ## - SUBJECT ADDED ENTRY--TOPICAL TERM
Topical term or geographic name as entry element Christian Life
942 ## - ADDED ENTRY ELEMENTS (KOHA)
Source of classification or shelving scheme
Koha item type Books
Copies
Barcode Lost status Date last seen Not for loan Koha item type Permanent Location Date acquired Price effective from Copy number Damaged status Shelving location Source of classification or shelving scheme Withdrawn status Full call number
10558 2010-04-14 BooksRHEMA Bible Training College2010-04-142010-04-141 General Stacks  BV 4501 .P4